Complete the Titles of Songs by Queen - Statistics

General Stats
  • This quiz has been taken 40 times
  • The average score is 12 of 15
Answer Stats
Songs % Correct
Another One Bites The {Dust}
100%
Don't Stop Me {Now}
97%
We Will Rock {You}
97%
Bohemian {Rhapsody}
95%
I Want To Break {Free}
95%
Under {Pressure}
89%
Killer {Queen}
87%
Fat Bottomed {Girls}
84%
I Want It {All}
82%
These Are the Days of Our {Lives}
68%
Bicycle {Race}
63%
Good Old-Fashioned Lover {Boy}
58%
Made In {Heaven}
47%
Thank God It's {Christmas}
47%
Doing All {Right}
45%
No matching quizzes found
Score Distribution
Percent of People with Each Score
Percentile by Number Answered
Your Score History
You have not taken this quiz